[Event "AUT-ch U14"]
[Site "St Kanzian"]
[Date "2018.05.20"]
[Round "4.5"]
[White "Guskic, Andrija"]
[Black "Pribozic, Manuel"]
[Result "1-0"]
[WhiteElo "1851"]
[BlackElo "1368"]
[PlyCount "57"]
[EventDate "2018.05.19"]
[EventType "swiss"]
[EventRounds "7"]
[EventCountry "AUT"]
[SourceTitle "EXT 2024"]
[Source "ChessBase"]
[SourceDate "2023.10.10"]
[SourceVersion "1"]
[SourceVersionDate "2023.10.10"]
[SourceQuality "1"]

1. e4 e5 2. Nf3 Nc6 3. Bc4 Nf6 4. d3 Bc5 5. c3 0-0 6. b4 Bb6 7. 0-0 h6 8. a4 a6 9. Nbd2 d6 10. Bb3 Be6 11. Nc4 Ba7 12. Be3 b5 13. axb5 axb5 14. Na5 Nxa5 15. Rxa5 Bxe3 16. fxe3 c6 17. Rxa8 Qxa8 18. Bxe6 fxe6 19. Qb3 Re8 20. h3 d5 21. exd5 exd5 22. c4 e4 23. Nd4 exd3 24. cxb5 cxb5 25. Qxd3 Qa4 26. Qg6 Kh8 27. Rxf6 Qa8 28. Rf7 Rg8 29. Nf5 1-0

[Event "AUT-ch U12"]
[Site "St Veit"]
[Date "2017.06.06"]
[Round "7.2"]
[White "Guskic, Andrija"]
[Black "Kristoferitsch, Daniel"]
[Result "1-0"]
[WhiteElo "1820"]
[BlackElo "1746"]
[PlyCount "121"]
[EventDate "2017.06.03"]
[EventType "swiss"]
[EventRounds "7"]
[EventCountry "AUT"]
[SourceTitle "EXT 2024"]
[Source "ChessBase"]
[SourceDate "2023.10.10"]
[SourceVersion "1"]
[SourceVersionDate "2023.10.10"]
[SourceQuality "1"]

1. e4 c5 2. c3 Nf6 3. e5 Nd5 4. d4 cxd4 5. Nf3 Nc6 6. cxd4 d6 7. Bc4 dxe5 8. Nxe5 Nxe5 9. dxe5 e6 10. 0-0 Be7 11. Qg4 g6 12. Bh6 Qc7 13. Qe4 f5 14. exf6 Nxf6 15. Qe2 Kf7 16. Nc3 Re8 17. f4 Ng8 18. Bg5 Kg7 19. Kh1 h6 20. Bxe7 Rxe7 21. Nb5 Qc5 22. Qe5+ Qxe5 23. fxe5 Bd7 24. Nd6 Bc6 25. Kg1 Rf8 26. Rxf8 Kxf8 27. Rf1+ Kg7 28. g4 a6 29. Rd1 b5 30. Bb3 Bf3 31. Rd4 Bc6 32. Kf2 g5 33. Ke3 Kf8 34. Rd3 Bd7 35. Kd4 Rg7 36. Kc5 Ne7 37. Rf3+ Kg8 38. Rf6 Rg6 39. Ne4 Kg7 40. Kd6 Bc6 41. Kxe7 Bxe4 42. Rxg6+ Kxg6 43. Bxe6 Kg7 44. Bf5 Bd5 45. b3 a5 46. Kd7 a4 47. e6 axb3 48. axb3 Bxb3 49. e7 Bf7 50. e8Q Bxe8+ 51. Kxe8 h5 52. h3 hxg4 53. hxg4 Kf6 54. Kd7 Ke5 55. Kc6 b4 56. Kc5 b3 57. Kc4 b2 58. Kc3 b1Q 59. Bxb1 Kf4 60. Bf5 Ke5 61. Kc4 1-0

[Event "AUT-ch U12"]
[Site "St Veit"]
[Date "2017.06.04"]
[Round "3.4"]
[White "Marakovits, Nico"]
[Black "Guskic, Andrija"]
[Result "1/2-1/2"]
[WhiteElo "1393"]
[BlackElo "1820"]
[PlyCount "111"]
[EventDate "2017.06.03"]
[EventType "swiss"]
[EventRounds "7"]
[EventCountry "AUT"]
[SourceTitle "EXT 2024"]
[Source "ChessBase"]
[SourceDate "2023.10.10"]
[SourceVersion "1"]
[SourceVersionDate "2023.10.10"]
[SourceQuality "1"]

1. d4 d5 2. Bf4 Nf6 3. e3 c5 4. c3 Nc6 5. Nd2 Bf5 6. Ngf3 h6 7. h3 Qb6 8. Qb3 c4 9. Qxb6 axb6 10. Ne5 b5 11. a3 e6 12. Rc1 Be7 13. Be2 0-0 14. 0-0 Nxe5 15. Bxe5 Nd7 16. Bh2 Nb6 17. Bd1 Na4 18. Bxa4 bxa4 19. Rfe1 Bd3 20. e4 Bg5 21. f4 Bh4 22. g3 Bf6 23. exd5 exd5 24. Nf3 Ra5 25. Rcd1 Rb5 26. Rd2 Rc8 27. Ne5 Bxe5 28. Rxe5 Be4 29. Re2 Rb6 30. g4 Kf8 31. Rh5 f5 32. Kf2 fxg4 33. hxg4 Rg6 34. g5 Kf7 35. gxh6 gxh6 36. Bg3 Rcg8 37. Re3 Rb6 38. Re2 Bd3 39. Rd2 Rbg6 40. Rh3 Bf5 41. Rh5 Bc8 42. Bh2 Rg2+ 43. Ke3 Rxd2 44. Kxd2 Rg2+ 45. Kc1 Kg6 46. Rh4 Bg4 47. Kb1 h5 48. Ka2 Bd1 49. Kb1 Bb3 50. Kc1 Rc2+ 51. Kb1 Rf2 52. Kc1 Rg2 53. f5+ Kxf5 54. Rxh5+ Kg6 55. Rh8 Rc2+ 56. Kb1 1/2-1/2

[Event "AUT-ch U10"]
[Site "Woerth"]
[Date "2015.06.06"]
[Round "6.2"]
[White "Wagner, Leopold Franziskus"]
[Black "Guskic, Andrija"]
[Result "1-0"]
[WhiteElo "1803"]
[BlackElo "1669"]
[PlyCount "67"]
[EventDate "2015.06.05"]
[EventType "swiss"]
[EventRounds "7"]
[EventCountry "AUT"]
[SourceTitle "EXT 2024"]
[Source "ChessBase"]
[SourceDate "2023.10.10"]
[SourceVersion "1"]
[SourceVersionDate "2023.10.10"]
[SourceQuality "1"]

1. e4 e5 2. Nf3 Nc6 3. d4 exd4 4. Nxd4 Nxd4 5. Qxd4 Ne7 6. Bc4 d6 7. 0-0 Nc6 8. Qd1 Be7 9. Nc3 0-0 10. Be3 Be6 11. Bd5 Bf6 12. Bxc6 bxc6 13. Bd4 Re8 14. Bxf6 Qxf6 15. Qd2 Rad8 16. Rad1 d5 17. exd5 cxd5 18. Rfe1 c6 19. b3 h6 20. Ne2 Bg4 21. f3 Bc8 22. Ng3 Kh8 23. Kh1 Be6 24. a4 Kg8 25. Qa5 Qe7 26. Qc3 Qd7 27. Ne4 Qc7 28. Nc5 Bc8 29. Nd3 Kf8 30. Qc5+ Kg8 31. Nb4 Rxe1+ 32. Rxe1 Rd6 33. Re8+ Kh7 34. Rxc8 1-0

[Event "AUT-ch U10"]
[Site "Velden"]
[Date "2014.06.20"]
[Round "2"]
[White "Guskic, Andrija"]
[Black "Rosol, Alexander"]
[Result "1-0"]
[WhiteElo "1356"]
[BlackElo "1196"]
[PlyCount "51"]
[EventDate "2014.06.20"]
[EventType "swiss"]
[EventRounds "7"]
[EventCountry "AUT"]
[SourceTitle "EXT 2016"]
[Source "ChessBase"]
[SourceDate "2015.10.08"]
[SourceVersion "1"]
[SourceVersionDate "2015.10.08"]
[SourceQuality "1"]

1. e4 e5 2. Nf3 Nc6 3. Bc4 Bc5 4. 0-0 Nf6 5. d4 exd4 6. e5 Ng4 7. h3 Ngxe5 8. Nxe5 Nxe5 9. Re1 Be7 10. Rxe5 d6 11. Re1 c5 12. c3 dxc3 13. Nxc3 0-0 14. Qf3 Rb8 15. Bf4 Bd7 16. Rad1 b5 17. Bb3 Rb6 18. Nd5 Bc6 19. Nxe7+ Qxe7 20. Rxe7 Bxf3 21. gxf3 c4 22. Bc2 Rd8 23. Rxd6 Rbxd6 24. Bxd6 a5 25. Bc7 Ra8 26. Bxa5 1-0

[Event "AUT-ch U08"]
[Site "Linz"]
[Date "2013.06.02"]
[Round "7"]
[White "Guskic, Andrija"]
[Black "Lerch, Johannes"]
[Result "1-0"]
[WhiteElo "1082"]
[BlackElo "1329"]
[PlyCount "119"]
[EventDate "2013.05.31"]
[EventType "swiss"]
[EventRounds "7"]
[EventCountry "AUT"]
[SourceTitle "EXT 2015"]
[Source "ChessBase"]
[SourceDate "2014.11.20"]
[SourceVersion "1"]
[SourceVersionDate "2014.11.20"]
[SourceQuality "1"]

1. d4 d5 2. c4 c6 3. Nf3 Nf6 4. Nbd2 Bg4 5. e3 Nbd7 6. h3 Bh5 7. Be2 e6 8. a3 Be7 9. 0-0 Bg6 10. Qb3 Qb6 11. Qc3 0-0 12. Bd3 Bxd3 13. Qxd3 h6 14. Re1 Rfe8 15. e4 dxe4 16. Nxe4 Nxe4 17. Rxe4 Nf6 18. Re2 Rad8 19. Qc3 c5 20. dxc5 Bxc5 21. Be3 Bxe3 22. Rxe3 Rd7 23. Qc2 Red8 24. Rb1 Qc7 25. Qe2 b6 26. Kh1 Rd6 27. Rc1 Qd7 28. Qc2 Rd1+ 29. Rxd1 Qxd1+ 30. Qxd1 Rxd1+ 31. Re1 Rxe1+ 32. Nxe1 Kf8 33. Kg1 Ke7 34. Kf1 Kd6 35. Ke2 Kc5 36. Kd3 Kd6 37. f4 Nd7 38. b4 g6 39. g4 f6 40. Nf3 a6 41. Kd4 Kc6 42. a4 Nf8 43. a5 bxa5 44. bxa5 Nd7 45. h4 h5 46. g5 fxg5 47. fxg5 Nf8 48. Ne5+ Kd6 49. c5+ Kc7 50. c6 Kc8 51. Kc5 Kc7 52. Nf7 Nh7 53. Ne5 Nf8 54. Nf7 Nh7 55. Ne5 Nf8 56. Nf7 Nh7 57. Nd6 Nf8 58. Ne8+ Kd8 59. c7+ Kd7 60. Kb6 1-0

[Event "AUT-ch U08"]
[Site "Linz"]
[Date "2013.06.01"]
[Round "6"]
[White "Wagner, Leopold Franziskus"]
[Black "Guskic, Andrija"]
[Result "1/2-1/2"]
[WhiteElo "1012"]
[BlackElo "1082"]
[PlyCount "117"]
[EventDate "2013.05.31"]
[EventType "swiss"]
[EventRounds "7"]
[EventCountry "AUT"]
[SourceTitle "EXT 2015"]
[Source "ChessBase"]
[SourceDate "2014.11.20"]
[SourceVersion "1"]
[SourceVersionDate "2014.11.20"]
[SourceQuality "1"]

1. e4 e5 2. Nf3 Nc6 3. Nc3 Nf6 4. Bb5 Bc5 5. Nxe5 Nxe5 6. d4 Bd6 7. dxe5 Bxe5 8. 0-0 0-0 9. Re1 Re8 10. Bg5 c6 11. Bc4 h6 12. Bh4 d6 13. f3 Be6 14. Bb3 Bxb3 15. axb3 Rb8 16. Rxa7 Qb6+ 17. Bf2 Bxh2+ 18. Kxh2 Qxf2 19. Ra1 Qh4+ 20. Kg1 Qf4 21. Ne2 Qe5 22. Qd4 Qxd4+ 23. Nxd4 d5 24. Nf5 dxe4 25. Nd6 Re6 26. Nxe4 Nd5 27. Nc5 Rxe1+ 28. Rxe1 b6 29. Nd3 Kf8 30. c4 Nf6 31. Ra1 Rd8 32. Nf2 c5 33. Ra6 Rd6 34. Kh2 Ke7 35. Kg1 Kd7 36. Kf1 Kc6 37. Ra7 Rd7 38. Rxd7 Kxd7 39. Ke2 Kd6 40. Kd3 Ke5 41. g3 g5 42. Kc3 Nd7 43. b4 f5 44. bxc5 bxc5 45. Nd3+ Kd6 46. b4 cxb4+ 47. Kxb4 Kc6 48. f4 gxf4 49. Nxf4 Nf6 50. c5 h5 51. Kc4 Ne4 52. Nxh5 Nxc5 53. Kd4 Kd6 54. Ng7 Ne6+ 55. Nxe6 Kxe6 56. Ke3 Kf6 57. Kf4 Kg6 58. g4 fxg4 59. Kxg4 1/2-1/2